Fables de la Fontaine

Bibliographic Details
Main Author: La Fontaine, Jean de, 1621-1695 (Author)
Other Authors: Krejčová, Zdeňka, 1944- (Illustrator)
Format: Book
Language:French
PhysicalDescription:[99] s. fareb. ilustr. 33 cm
Published: Paris Gründ 1993
ISBN:2700010000
Series:Contes et fables de toujours
Subjects:

MARC

LEADER 00000cam a2200000 a 4500
001 vtls001169437
003 SK-MaSNL
005 20260318115206.0
008 250414s1993 fr a jr 000 j fre
020 |a 2700010000 
035 |a SNK000112417 
035 |a urn:nbn:sk:snk-amljtj 
035 |a urn:nbn:sk:snk-am00bqqk 
035 |a E6F26310-7D18-4E78-AE43-EDACA552AE7E 
040 |a SNK  |b slo  |c SNK  |e AACR2 
041 0 |a fre 
044 |a fr  |c FR 
072 7 |a 821.133.1-3  |x Francúzska próza, francúzsky písaná  |2 konspekt 
072 7 |a 821-93  |x Literatúra pre deti a mládež (beletria)  |2 konspekt 
080 |a 840-191  |2 1981 
080 |a 821.133.1-342  |2 2001 
080 |a (082.21)  |2 2011 
080 |a 82-93-053.4/.5  |2 2011 
100 1 |a La Fontaine, Jean de,  |d 1621-1695  |4 aut  |9 120463 
245 1 0 |a Fables de la Fontaine  |c Jean La Fontaine de ; illustrées par Zdenka Krejčová 
260 |a Paris  |b Gründ  |c 1993  |e [Martin]  |f [Neografia] 
300 |a [99] s.  |b fareb. ilustr.  |c 33 cm 
490 1 |a Contes et fables de toujours 
655 7 |a francúzske bájky  |2 SNKPH  |9 70578 
655 7 |a literatúra pre deti a mládež  |2 SNKPH  |9 189378 
700 1 |a Krejčová, Zdeňka,  |d 1944-  |4 ill  |9 1635022 
830 0 |a Contes et fables de toujours  |9 727263 
852 |a Slovenská národná knižnica 
919 |a 2-7000-1000-0 
954 |a beletria cudzojazyčná (svetová)  |2 lita 
958 |a RK 
958 |a TL 
958 |a LX 
958 |a OND 
958 |a DB 
999 |c 1139063  |d 1140993 
952 |t P60, <03>, [BOOK], {603}  |a SNK  |b SNK  |y PREZ  |7 0  |p 17A0195544  |o snkSB 52870  |0 0  |1 0  |4 0  |d 1999-05-26  |f 1  |l 0  |r 2025-03-18 00:00:00  |w 2026-02-24